Wielki test-operatorzy Rainbow Six Siege - Statystyki

Ogólne statystyki
  • Ten quiz został rozwiązany 179 razy
  • Średni wynik to 40 z 52
Statystyki odpowiedzi
pytanie odpowiedź % Poprawnych
czy pocisk wybuchowy kali przebija wszystkie warstwy wzmocnionych ścian nie
98%
ile palców u obydwu dłoni łącznie ma nomad 9
90%
czy znamy prawdziwe imię nokk nie
90%
czy pocisk ash niszczy wszystkie ściany nie
89%
czy bandit dostał skina na halloween tak
89%
ile kamer ma do dyspozycji maestro 2
88%
po ile strzał (zapalające i dymne) ma capitao 2
88%
ile dronów ma twitch 2
88%
ile broni głównych ma iq 3
88%
ile kamer ma valkyrie 3
88%
ile pancerza ma echo (1-3) 3
88%
ile sekund trwa odliczanie przed wykrywaniem drona ee-one-d (lion) 3
88%
ile pułapek ma kapkan 5
88%
ile ładunków wystrzeliwuje x-kairos hibany 6
88%
czy vigil jest "niewidzialny" podczas wzmacniania ścian nie
88%
czy tarcza montagne'a zasłania mu plecy nie
88%
czy pulse widzi cały zarys postaci przez swój czujnik nie
88%
czy blitz może posiadać karabin nie
88%
czy obrońcy mogą korzystać ze zhakowanych kamer (dokkaebi) tak
88%
czy doc może leczyć samego siebie tak
88%
czy jager ma elitarną skórkę tak
88%
czy granat smoke'a rani tak
88%
czy lesion posiada elitarną skórkę tak
88%
czy adrenalina finki zmniejsza rozrzut broni tak
88%
ile punktów dostaje się za zagłuszenie drona (mute) 10
87%
ile "specjalnych" barykad ma castle 3
87%
ile broni głównych ma do wyboru jackal 3
87%
czy młot sledge'a jest niezniszczalny nie
87%
czy wróg po przejściu przez prismę zostaje oznaczony (prisma alibi) tak
87%
czy paneli pancernych rooka starczy dla całej drużyny tak
87%
czy thermite specjalną umiejętnością może niszczyć podłogi tak
87%
czy glaz może mieć przy sobie broń inną niż snajperka tak
87%
ile (jednorazowo) obrażeń zadaje tarcza clash 5
84%
jaką nazwę nosi jednostka w której działa zofia grom
83%
który rosyjski operator nosi miano lorda tachanka
82%
jak nazywa się operator z podczepianą pod broń główną strzelbą buck
80%
gdzie urodził się mozzie australia
75%
kto stereotypowo zabija zakładników fuze
73%
ile lat ma gridlock 36
72%
kto posiada ten sam pistolet maszynowy (broń główna) co warden valkyrie
72%
marokański operator (mężczyzna) kaid
69%
dokończ nazwę min elżbiety bosak mina ...... grzmot
63%
jak nazywa się gadżet thatchera granat emp
59%
jak nazywa się pułapka na niedźwiedzie frost (pseudonim znanego rapera) mata
55%
nazwa urządzeń ying candela
54%
skąd pochodzi wamai kenia
54%
jak nazywa się umiejętność specjalna amaru hak garra
43%
jak w r6 nazywa się desert eagle (broń m. in. blackbeard'a) d-50
32%
jaki granat można wyekwipować maverickowi ogłuszający
28%
jaką strzelbę można wybrać w przypadku operatora goyo tcsg12
28%
jak nazywa się caveira taina pereira
18%
co zniszczyć strzelać przez szybę miry gaśnicę
7%
Nie znaleziono quizów pasujących do podanych kryteriów
Rozkład punktacji
Procent ludzi z każdym wynikiem
Percentyl według liczby udzielonych odpowiedzi
Twoja historia wyników
Nie rozwiązałeś tego quizu